Vplyv zvýšenia minimálnej mzdy v sociálnom zabezpečení

Zvyšovanie minimálnej mzdy. Výška minimálnej mzdy od 1. októbra 2006. Minimálna mzda a odvod za neplnenie povinného podielu zamestnávania občanov so zdravotným postihnutím. Minimálna mzda a poisťovací systém. Sociálne poistenie. Zdravotné poistenie. Minimálna mzda a povinné nemocenské poistenie a po...

Ausführliche Beschreibung

Gespeichert in:
Bibliographische Detailangaben
1. Verfasser: Matlák, Ján
Format: Buchkapitel
Sprache:Slowakisch
Schlagworte:
Tags: Tag hinzufügen
Keine Tags, Fügen Sie das erste Tag hinzu!

MARC

LEADER 00000naa$a2200000$$$4500
001 0048596
005 20231106093349.9
041 0 |a slo 
044 |a SK 
245 1 0 |a Vplyv zvýšenia minimálnej mzdy v sociálnom zabezpečení  |c Ján Matlák 
520 |a Zvyšovanie minimálnej mzdy. Výška minimálnej mzdy od 1. októbra 2006. Minimálna mzda a odvod za neplnenie povinného podielu zamestnávania občanov so zdravotným postihnutím. Minimálna mzda a poisťovací systém. Sociálne poistenie. Zdravotné poistenie. Minimálna mzda a povinné nemocenské poistenie a povinné dôchodkové poistenie samostatne zárobkovo činnej osoby. 
610 2 0 |a mzdy minimálne 
610 2 0 |a zabezpečenie sociálne 
610 2 0 |a poistenie sociálne 
610 2 0 |a poistenie zdravotné 
610 2 0 |a poistenie povinné 
610 2 0 |a poistenie dôchodkové 
610 2 0 |a poistenie nemocenské 
610 2 0 |a invalidi 
100 1 |a Matlák, Ján